| 000 | 01336cam a22003977a 4500 | ||
|---|---|---|---|
| 003 | CHAP | ||
| 005 | 20220817043926.0 | ||
| 008 | 040129s2001 it rn 00010 eng d | ||
| 010 | _a88035 | ||
| 011 | _a89007 | ||
| 020 | _a925304702X | ||
| 035 | _a99556 | ||
| 040 | _cCHAP | ||
| 082 | 0 | 4 |
_a507.2 _bF3Y v.8 |
| 110 | 2 | _aFAO | |
| 245 | 1 | 0 |
_aBiotecnología agrícola para países en desarrollo : _bresultados de un foro electrónico _c/by John Ruane and Maria Zimmermann |
| 260 |
_aRoma : _bFAO, _c2003. |
||
| 300 | _a123 p. | ||
| 490 | 0 |
_aFAO. Investigación y tecnología _v; 8 |
|
| 590 |
_aBATCH-UPD _b10 _c20130110 _lUCH01 _h0455 |
||
| 590 |
_aBATCH-UPD _b10 _c20130110 _lUCH01 _h2244 |
||
| 590 |
_aBATCH-UPD _b10 _c20130410 _lUCH01 _h0133 |
||
| 590 |
_aBATCH-UPD _b10 _c20130914 _lUCH01 _h0641 |
||
| 590 |
_aCONVERSION _b10 _c20130109 _lUCH01 _h1349 |
||
| 650 | 1 | 4 |
_aBiotecnología animal. _912891 |
| 650 | 1 | 4 |
_aBiotecnología vegetal. _912892 |
| 650 | 1 | 4 |
_aBiotecnología. _912878 |
| 650 | 1 | 4 |
_aPaíses subdesarrollados _xAgricultura. _985150 |
| 700 | 0 |
_aRuane, John. _9100436 |
|
| 700 | 0 |
_aZimmermann, Maria. _9124049 |
|
| 830 | 0 | 0 |
_aFAO. Investigación y tecnología _v; 8 _939606 |
| 901 | _aBK | ||
| 905 | _aAlejandra Carrasco M. | ||
| 942 | _cLIBRO | ||
| 949 |
_a507.2 F3Y v.8 _bBC _cFAO _d33724000914909 _eFAO1 _h104345 _i99556 _sb |
||
| 999 |
_c88035 _d88035 |
||